Регионална библиотека "Любен Каравелов" - Русе

Съкровище (Запис номер 142395)

MARC детайли
000 -Лидер
Контролно поле с фиксирана дължина 01289nam a2200313 c 4500
003 - Код на организацията, давaща контролен номер
Контролно поле BLK
005 - Дата и час на последна редакция
Контролно поле 20210203103548.0
008 - Елементи от данни с фиксирана дължина
fixed length control field 180409b bul|||||r ||||||| ||bul||
010 ## - Наследен системен номер
LC control number KNG00148484000
040 ## - Източник на каталожния запис
Идентификатор на билиотеката - собственик на записа BLK
041 ## - Код за език
Код за езика на текст/звукозапис или на отделно заглавие Български
Код за езика КДБФ Български
080 ## - УДК
Текстов определител УДК Българска литература
УДК код - определител по УДК 821.163.2
УДК определител -93-1
УДК - код + определител 821.163.2-93-1
100 1# - Редна дума - Автор
Автор Станилов, Васил Павлов
Авторска отговорност първи автор
R(LIN) 365419
139 ## - Редно поле
Редна дума Станилов, Васил Павлов
Авторски знак Стани - С 69
245 10 - Сведения за заглавието
Заглавие Съкровище
Подзаглавни данни Стихотворения : За предучилищна възраст
Редно поле (дума) Васил Павлов Станилов; худож. Ани Петрова Бобева.
257 ## - Страна на издаване
Страна на създаване/издаване България
260 ## - Област на издателските данни
Име на издателя, разпространителя и проч. Бълг. художник
Година на издаване 1981
Печатница София : ДП Балкан
Място на издаване, разпространение и проч. София
300 ## - Физическа характеристика
Страници 16 с.
Илюстрации и др. с ил.
Размери/Мащаб 32 см
380 ## - Жанр
Жанр Детска худож. лит.
500 ## - Общи забележки
Забележка 45 120 тир.
653 ## - Ключова дума – ненормативна
Ключова дума литература за деца
653 ## - Ключова дума – ненормативна
Ключова дума детска литература
700 1# - Други автори (авторска отговорност)
Лично име Бобева, Ани Петрова
Автороска отговорност (Описва отношението между автора и произведението) худож.
9 (RLIN) 379385
852 ## - Местоположение
Форматна сигнатура Цб ІІ 18614
856 4# - Електронен адрес и достъп
Електронен формат pdf - файл
856 4# - Електронен адрес и достъп
Електронен формат pdf - файл
999 ## - СИСТЕМНИ КОНТРОЛНИ НОМЕРА
Koha biblionumber 142395
Koha biblioitemnumber 142395
942 ## - АРТИКУЛИ
Вид на библиотечния материал Книги
Скрит в OPAC Не
Периодичен библиозапис Да
944 ## - СЪЗДАВАНЕ И РЕДАКЦИЯ на ЗАПИСА
Създаване/Редакция Създаване
Дата на регистрацията/редакция 05.08.2013
Статус, дата на статуса 05.08.2013 - от С1,Р / 05.08.2013
Служител, извършил регистрацията/редакцията Полина_Златанова
944 ## - СЪЗДАВАНЕ И РЕДАКЦИЯ на ЗАПИСА
Създаване/Редакция Редакция
Дата на регистрацията/редакция 05.08.2013
Статус, дата на статуса 05.08.2013 - от С1,Р / 05.08.2013
999 ## - СИСТЕМНИ КОНТРОЛНИ НОМЕРА
Koha biblioitemnumber 142395
Наличности
Код за отписване Код за изгубен артикул Източник на класификационната схема Код за повреда Коз за рестрикции Код за отдаване Артикулен № Име на библиотеката - собственик Име на библиотеката, в която се намира в момента Статус (Текущо местоположение) Дата на вписване в системата Местоположение - отдел Цена в лева Инвентарен номер Систематично азбучна сигнатура Баркод Номер на екземпляра Цена в евро Служебна бележка Служебен тип на артикула Бележка за публиката
  Не е изгубен Universal Decimal Classification Не е повреден без рестрикции ползва се в читалня 235517 Регионална библиотека "Любен Каравелов" Русе Регионална библиотека "Любен Каравелов" Русе Хранилище 1981-01-01 Хранилище 0.55 319186 Цб ІІ 18614 120000319186 1 0.28 N: стар фонд Дата: 01.01.1981 Книги  
Изтеглен Не е изгубен   Не е повреден без рестрикции заемане за дома 235518 Регионална библиотека "Любен Каравелов" Русе Регионална библиотека "Любен Каравелов" Русе   1981-01-01 Детски отдел 0.55 321181 ДХ 886.7/С 69 321181 2 0.28 N: стар фонд Дата: 01.01.1981 Дата инв: 18.09.2015 Бележки инв: Д2015 Книги Отч.N: 53/17 , Дата: 13.10.2017
Изтеглен Не е изгубен Universal Decimal Classification Не е повреден без рестрикции заемане за дома 235519 Регионална библиотека "Любен Каравелов" Русе Регионална библиотека "Любен Каравелов" Русе Детски отдел 1981-01-01 Детски отдел 0.55 321182 ДХ 886.7/С 69 321182 3 0.28 N: стар фонд Дата: 01.01.1981 Дата инв: 17.09.2015 Бележки инв: Д2015 Книги  
Vip Innovations Ltd, Rousse, Bulgaria 2025